The happiness trap: (Record no. 12070)

MARC details
000 -LEADER
fixed length control field 02952 a2200373 4500
005 - DATE AND TIME OF LATEST TRANSACTION
control field 20090511153056.0
008 - FIXED-LENGTH DATA ELEMENTS--GENERAL INFORMATION
fixed length control field 090511t xxu||||| |||| 00| 0 eng d
010 ## - LCCN (DPL NO)
LC control number ENG-90113 B-311539-547
020 ## - INTERNATIONAL STANDARD BOOK NUMBER
International Standard Book Number 0230634974
Terms of availability 295.00
020 ## - INTERNATIONAL STANDARD BOOK NUMBER
International Standard Book Number 9780230634978
Terms of availability 295.00
035 ## - SYSTEM CONTROL NUMBER
System control number EN-73646
035 ## - SYSTEM CONTROL NUMBER
System control number B-311539-547
037 ## - SOURCE OF ACQUISITION
Source of stock number/acquisition DBAD / PUB
040 ## - CATALOGING SOURCE
Original cataloging agency dpl
Language of cataloging English
082 ## - DEWEY DECIMAL CLASSIFICATION NUMBER
Classification number 158.1
100 ## - MAIN ENTRY--PERSONAL NAME
Personal name Harris, Russ
245 ## - TITLE STATEMENT
Title The happiness trap:
Statement of responsibility, etc by Russ Harris
Remainder of title stop struggling, start living/
260 ## - PUBLICATION, DISTRIBUTION, ETC. (IMPRINT)
Place of publication, distribution, etc New Delhi
Name of publisher, distributor, etc Macmillan India
Date of publication, distribution, etc 2008 (repr.)
270 ## - ADDRESS
Address 2/10, Ansari Road, Daryaganj,
City New Delhi
Postal code 110002
State or province Delhi
300 ## - PHYSICAL DESCRIPTION
Extent 280p.
Dimensions 24 cm. (pbk)
500 ## - GENERAL NOTE
General note Includes index
942 ## - ADDED ENTRY ELEMENTS (KOHA)
Institution code [OBSOLETE] dpl
Item type English Books
Call number prefix 158.1/ HAR
Source of classification or shelving scheme Dewey Decimal Classification
Classification part 158.1
Call number suffix HAR
Holdings
Withdrawn status Lost status Source of classification or shelving scheme Damaged status Not for loan Home library Current library Date acquired Cost, normal purchase price Total Checkouts Barcode Date last seen Cost, replacement price Koha item type Collection code Source of acquisition Full call number Copy number Public note Total Renewals
    Dewey Decimal Classification     Bawana Bawana 11/05/2009 295.00   B-311546 11/05/2009 295.00 English Books Non-fiction Macmillan /4401025829/19.1.09/240/12.12.08/20.1.09 158.1 HAR 1    
    Dewey Decimal Classification     Central Library Central Library 11/05/2009 295.00   B-311539 11/05/2009 295.00 English Books Non-fiction Macmillan /4401025829/19.1.09/240/12.12.08/20.1.09 158.1 HAR 1 Legal Case Register (2018)  
    Dewey Decimal Classification     Andrews Gunj D.B.Act.Division 01/10/2008 295.00   EN-73646 15/09/2008 295.00 English Books            
    Dewey Decimal Classification     Karol Bagh Karol Bagh 11/05/2009 295.00   B-311544 11/05/2009 295.00 English Books Non-fiction Macmillan /4401025829/19.1.09/240/12.12.08/20.1.09 158.1 HAR 1    
    Dewey Decimal Classification     Narela Narela 11/05/2009 295.00   B-311545 11/05/2009 295.00 English Books Non-fiction Macmillan /4401025829/19.1.09/240/12.12.08/20.1.09 158.1 HAR 1    
Withdrawn   Dewey Decimal Classification     Patel Nagar Patel Nagar 11/05/2009 295.00 3 B-311540 31/01/2019 295.00 English Books Non-fiction Macmillan /4401025829/19.1.09/240/12.12.08/20.1.09 158.1 HAR 1    
    Dewey Decimal Classification     Peshwa Road Peshwa Road 11/05/2009 295.00   B-311541 11/05/2009 295.00 English Books Non-fiction Macmillan /4401025829/19.1.09/240/12.12.08/20.1.09 158.1 HAR 1    
    Dewey Decimal Classification     Sarojini Nagar Sarojini Nagar 11/05/2009 295.00 34 B-311542 08/02/2018 295.00 English Books Non-fiction Macmillan /4401025829/19.1.09/240/12.12.08/20.1.09 158.1 HAR 1   4
    Dewey Decimal Classification     Shahdara Branch Shahdara Branch 11/05/2009 295.00 1 B-311547 09/12/2021 295.00 English Books Non-fiction Macmillan /4401025829/19.1.09/240/12.12.08/20.1.09 158.1 HAR 1    
    Dewey Decimal Classification     Vinoba Puri Vinoba Puri 11/05/2009 295.00 13 B-311543 26/08/2019 295.00 English Books Non-fiction Macmillan /4401025829/19.1.09/240/12.12.08/20.1.09 158.1 HAR 1   4

© Delhi Public Library
Hit Counter
free hit counter